[Event "Montreal op"]
[Site "Montreal CAN"]
[Date "2000.??.??"]
[Round "5"]
[White "Rodriguez, Herver"]
[Black "Lawson, Eric"]
[Result "1/2-1/2"]
[WhiteElo "2015"]
[BlackElo "1881"]
[PlyCount "68"]
[GameId "2160767911652689"]
[EventDate "2000.09.01"]
[EventType "swiss"]
[EventRounds "5"]
[EventCountry "CAN"]
[SourceTitle "EXT 2003"]
[Source "ChessBase"]
[SourceDate "2002.11.25"]
[SourceVersion "1"]
[SourceVersionDate "2002.11.25"]
[SourceQuality "1"]

1. e4 c5 2. Nf3 Nc6 3. Bc4 d6 4. c3 Nf6 5. d3 g6 6. h3 Bg7 7. Bg5 h6 8. Be3 Na5 9. Bb5+ Bd7 10. Ba4 b5 11. Bc2 Bc6 12. Nbd2 Rb8 13. b4 Nb7 14. d4 cxb4 15. cxb4 a5 16. a3 O-O 17. O-O Ne8 18. Re1 e5 19. Nf1 Qe7 20. Qd2 Kh7 21. Ng3 a4 22. Rac1 Bd7 23. Bd3 Nd8 24. Qc2 f6 25. Qb1 Nf7 26. Rc3 h5 27. Rec1 Bh6 28. Bxh6 Nxh6 29. Qc2 Rf7 30. Qd2 Rg7 31. Kh1 Nf7 32. Qe2 Rb7 33. Kh2 Nh6 34. Qc2 Nf7 1/2-1/2

[Event "Montreal op"]
[Site "Montreal CAN"]
[Date "2000.??.??"]
[Round "5"]
[White "Sasseville, Jean"]
[Black "Roussel-Roozmon, Thomas"]
[Result "1/2-1/2"]
[WhiteElo "1955"]
[BlackElo "2128"]
[PlyCount "97"]
[GameId "2160767911652690"]
[EventDate "2000.09.01"]
[EventType "swiss"]
[EventRounds "5"]
[EventCountry "CAN"]
[SourceTitle "EXT 2003"]
[Source "ChessBase"]
[SourceDate "2002.11.25"]
[SourceVersion "1"]
[SourceVersionDate "2002.11.25"]
[SourceQuality "1"]

1. c4 e5 2. Nc3 Nc6 3. Nf3 g6 4. d4 exd4 5. Nxd4 Bg7 6. Nxc6 bxc6 7. g3 Ne7 8. Bg2 O-O 9. O-O Bb7 10. Qb3 Qb8 11. Rd1 d6 12. c5 Nf5 13. Qa4 Qe8 14. e4 Ne7 15. cxd6 cxd6 16. Rxd6 c5 17. Be3 Qxa4 18. Nxa4 Bc6 19. Nxc5 Bxb2 20. Rb1 Be5 21. Rd3 Rab8 22. Rdb3 Rxb3 23. axb3 Rd8 24. b4 Bb5 25. Bf1 Rb8 26. Bxb5 Rxb5 27. Nd3 Bd6 28. e5 Bb8 29. Rc1 a5 30. Rc5 Rxc5 31. Bxc5 Nc6 32. f4 axb4 33. Nxb4 Nxb4 34. Bxb4 g5 35. Kf2 gxf4 36. gxf4 f6 37. Bd6 Bxd6 38. exd6 Kf7 39. Kg3 Ke6 40. Kg4 Kxd6 41. Kf5 Ke7 42. h4 Kf7 43. h5 Ke7 44. Ke4 Ke6 45. h6 Kd6 46. Kf5 Ke7 47. Ke4 Ke6 48. f5+ Kd6 49. Kd4 1/2-1/2

[Event "Montreal-Moscow m"]
[Site "Montreal CAN"]
[Date "2000.08.01"]
[Round "1"]
[White "Goldenberg, Danny"]
[Black "Evelev, Vladimir"]
[Result "1/2-1/2"]
[WhiteElo "2244"]
[BlackElo "2352"]
[PlyCount "79"]
[GameId "2160767911741607"]
[EventDate "2000.??.??"]
[EventRounds "2"]
[EventCountry "CAN"]
[SourceTitle "EXT 2004"]
[Source "ChessBase"]
[SourceDate "2003.11.25"]
[SourceVersion "1"]
[SourceVersionDate "2003.11.25"]
[SourceQuality "1"]
[WhiteTeam "Montreal"]
[BlackTeam "Moscow"]
[WhiteTeamCountry "CAN"]
[BlackTeamCountry "RUS"]

1. e4 c5 2. Nf3 d6 3. Bb5+ Bd7 4. Bxd7+ Qxd7 5. O-O Nf6 6. Re1 Nc6 7. h3 e6 8. c4 Ne5 9. d3 Nxf3+ 10. Qxf3 Be7 11. Nc3 O-O 12. Be3 Rfd8 13. Rad1 a6 14. d4 cxd4 15. Bxd4 Qc6 16. Qe2 e5 17. Nd5 Nxd5 18. exd5 Qc7 19. b3 Bg5 20. Be3 Bxe3 21. Qxe3 a5 22. Rc1 b6 23. Rc2 Qc5 24. Qd2 Re8 25. Rb1 Qb4 26. Qc1 Qc5 27. Qd2 Ra7 28. b4 axb4 29. Qxb4 Qxb4 30. Rxb4 Ra6 31. Rcb2 Rb8 32. a4 Kf8 33. Kf1 Ke7 34. Ke2 Kd7 35. Kd3 Kc7 36. Ke4 Rba8 37. a5 Rb8 38. axb6+ Raxb6 39. Rxb6 Rxb6 40. Ra2 1/2-1/2

[Event "Montreal-Moscow m"]
[Site "Montreal CAN"]
[Date "2000.08.02"]
[Round "2"]
[White "Evelev, Vladimir"]
[Black "Goldenberg, Danny"]
[Result "1-0"]
[WhiteElo "2352"]
[BlackElo "2244"]
[PlyCount "65"]
[GameId "2160767911741617"]
[EventDate "2000.??.??"]
[EventRounds "2"]
[EventCountry "CAN"]
[SourceTitle "EXT 2004"]
[Source "ChessBase"]
[SourceDate "2003.11.25"]
[SourceVersion "1"]
[SourceVersionDate "2003.11.25"]
[SourceQuality "1"]
[WhiteTeam "Moscow"]
[BlackTeam "Montreal"]
[WhiteTeamCountry "RUS"]
[BlackTeamCountry "CAN"]

1. d4 Nf6 2. c4 g6 3. Nc3 Bg7 4. e4 d6 5. Nf3 O-O 6. Be2 e5 7. O-O Nc6 8. d5 Ne7 9. b4 Nh5 10. Re1 Nf4 11. Bf1 a5 12. bxa5 Rxa5 13. a4 c5 14. Rb1 h6 15. Bxf4 exf4 16. e5 Nf5 17. Nb5 dxe5 18. Nxe5 Ne3 19. fxe3 Bxe5 20. exf4 Bxf4 21. d6 Bd7 22. Qf3 Bg5 23. Qxb7 Rxa4 24. Nc3 Ra3 25. Nd5 Bc8 26. Qc6 Ra6 27. Rb6 Rxb6 28. Nxb6 Bf4 29. g3 Qxd6 30. Nxc8 Qd4+ 31. Kg2 Be3 32. Ne7+ Kg7 33. Qf3 1-0

[Event "Montreal-ch"]
[Site "Montreal CAN"]
[Date "2000.03.23"]
[Round "1"]
[White "Bouchard, Jean-Marc"]
[Black "Gulko, Andrei"]
[Result "1-0"]
[WhiteElo "2026"]
[BlackElo "1926"]
[PlyCount "105"]
[GameId "2160767911724695"]
[EventDate "2000.03.23"]
[EventType "tourn"]
[EventRounds "7"]
[EventCountry "CAN"]

1. b3 d5 2. Bb2 Nf6 3. e3 Bf5 4. f4 e6 5. Nf3 Be7 6. Nc3 O-O 7. g3 Nbd7 8. Bg2 Ne4 9. Ne2 Bf6 10. Bxf6 Qxf6 11. O-O c6 12. Nfd4 Bg4 13. h3 Bxe2 14. Nxe2 Nd6 15. g4 a5 16. a4 Rae8 17. d4 Qd8 18. Qd3 Qb6 19. c4 Qa6 20. Rac1 dxc4 21. bxc4 Nb6 22. Rc2 Nxa4 23. Qb3 b5 24. cxb5 Qxb5 25. Qa2 Rc8 26. Rb1 Qd3 27. Qxa4 Qxe3+ 28. Kh1 Rb8 29. Rcb2 Rxb2 30. Rxb2 Ne4 31. Qb3 Nf2+ 32. Kh2 Qxb3 33. Rxb3 a4 34. Ra3 Nd1 35. Rxa4 Ne3 36. Bxc6 h5 37. Kg3 hxg4 38. hxg4 f5 39. g5 Rd8 40. Ra8 Rxa8 41. Bxa8 Nc4 42. Bc6 Kf7 43. Bb5 Nd6 44. Nc3 Kg6 45. Bd3 Kh5 46. Nb5 Nf7 47. Bc4 Nxg5 48. fxg5 Kxg5 49. Bxe6 Kf6 50. Bxf5 Kxf5 51. d5 Ke5 52. d6 Ke6 53. Kg4 1-0

[Event "Montreal-ch"]
[Site "Montreal CAN"]
[Date "2000.03.23"]
[Round "1"]
[White "Moskvitch, Andrei"]
[Black "Gagnon, Michel"]
[Result "1/2-1/2"]
[WhiteElo "2138"]
[BlackElo "2199"]
[PlyCount "101"]
[GameId "2160767911724696"]
[EventDate "2000.03.23"]
[EventType "tourn"]
[EventRounds "7"]
[EventCountry "CAN"]

1. e4 c5 2. Nf3 d6 3. d4 cxd4 4. Nxd4 Nf6 5. Nc3 a6 6. Be2 e6 7. O-O Qc7 8. a4 b6 9. f4 Bb7 10. Bf3 Nbd7 11. Kh1 h5 12. Re1 O-O-O 13. Qe2 e5 14. Nf5 Kb8 15. Ne3 Rc8 16. f5 g6 17. fxg6 fxg6 18. Ned1 Bh6 19. Bxh6 Rxh6 20. Qd2 Rh7 21. Nf2 Nc5 22. Rad1 Rd8 23. Qg5 Qe7 24. Qe3 a5 25. Nd5 Nxd5 26. exd5 Bc8 27. Qa3 Bf5 28. b4 axb4 29. Qxb4 Qa7 30. Rb1 Rb7 31. Ne4 Bxe4 32. Bxe4 Rg8 33. Ra1 Qa5 34. Qb5 Qxb5 35. axb5 Rf7 36. Kg1 Rf4 37. Bf3 Rgf8 38. Ra2 Ra4 39. Rxa4 Nxa4 40. Re3 Nc5 41. g3 Rf7 42. h4 Kc7 43. Kg2 Kd8 44. Be4 Rf6 45. c4 Ke7 46. Bb1 Kf7 47. Ra3 Kg7 48. Ra7+ Rf7 49. Ra8 Kf6 50. Rd8 Rd7 51. Rb8 1/2-1/2

[Event "Montreal-ch"]
[Site "Montreal CAN"]
[Date "2000.03.23"]
[Round "1"]
[White "Soudre, Nicolas"]
[Black "Leutschaft, Martin"]
[Result "0-1"]
[WhiteElo "2159"]
[BlackElo "2120"]
[PlyCount "140"]
[GameId "2160767911732890"]
[EventDate "2000.03.23"]
[EventType "tourn"]
[EventRounds "7"]
[EventCountry "CAN"]

1. e4 e5 2. Nf3 d6 3. d4 Nf6 4. Nc3 Nbd7 5. Bc4 Be7 6. O-O O-O 7. Re1 c6 8. Bf1 Re8 9. a4 Bf8 10. Bg5 Qc7 11. Bc4 Be7 12. Qd2 Nf8 13. Bh4 h6 14. Bg3 Ng6 15. h3 Nh5 16. Bh2 Nhf4 17. Ne2 Bg5 18. Nxg5 hxg5 19. Nxf4 gxf4 20. f3 Qe7 21. c3 Nh4 22. Kf1 g5 23. Bg1 Kg7 24. Bf2 Rh8 25. Bxh4 Rxh4 26. Rad1 g4 27. hxg4 Rh1+ 28. Ke2 Rh2 29. Kd3 Bd7 30. Kc2 b5 31. axb5 cxb5 32. Bf1 Be6 33. dxe5 dxe5 34. Qd6 Qxd6 35. Rxd6 a6 36. Rc6 Rh1 37. Rd1 Rg1 38. Rc5 Kf6 39. g5+ Kxg5 40. Rxe5+ Kh4 41. Be2 Rxg2 42. Rh1+ Kg3 43. Kd2 Rxe2+ 44. Kxe2 Bc4+ 45. Ke1 Kxf3 46. Rh3+ Kg4 47. Reh5 Rd8 48. R5h4+ Kg5 49. Rh5+ Kg4 50. R3h4+ Kf3 51. Rf5 Ke3 52. Rh3+ Kxe4 53. Rfh5 Bb3 54. R5h4 Rd1+ 55. Ke2 Rb1 56. Re3+ Kf5 57. Reh3 Rxb2+ 58. Kd3 Ke5 59. Rh5+ f5 60. c4 Bxc4+ 61. Kc3 Rb3+ 62. Kd2 Rxh3 63. Rxh3 Ke4 64. Rh8 a5 65. Re8+ Kf3 66. Re7 a4 67. Kc3 a3 68. Kd4 a2 69. Ra7 Ke2 70. Re7+ Kd2 0-1

[Event "Montreal-ch"]
[Site "Montreal CAN"]
[Date "2000.03.24"]
[Round "2"]
[White "Gagnon, Michel"]
[Black "Pnevmonidis, Pantelis"]
[Result "1/2-1/2"]
[WhiteElo "2199"]
[BlackElo "2114"]
[PlyCount "90"]
[GameId "2160767911732891"]
[EventDate "2000.03.23"]
[EventType "tourn"]
[EventRounds "7"]
[EventCountry "CAN"]

1. d4 Nf6 2. Nf3 e6 3. e3 b6 4. Bd3 Bb7 5. Nbd2 c5 6. O-O Be7 7. Qe2 Nc6 8. c4 O-O 9. b3 Qc7 10. Bb2 cxd4 11. exd4 Qf4 12. Rad1 d5 13. Qe3 Qg4 14. h3 Qh5 15. Ne5 Nxe5 16. dxe5 Bc5 17. Qe2 Qxe2 18. Bxe2 Ne8 19. cxd5 Bxd5 20. Bf3 Bxf3 21. Nxf3 Nc7 22. Rd7 Nd5 23. Rd1 Rfd8 24. Rxd8+ Rxd8 25. Ng5 Be7 26. Ne4 Rc8 27. Kf1 Kf8 28. g3 Bb4 29. Rc1 Rxc1+ 30. Bxc1 Nc3 31. Nxc3 Bxc3 32. f4 Ke7 33. Ke2 h5 34. Kd3 Be1 35. g4 hxg4 36. hxg4 Kd7 37. f5 exf5 38. gxf5 g6 39. Ke4 gxf5+ 40. Kxf5 Bh4 41. Bb2 b5 42. Bd4 a6 43. a4 Kc6 44. Ke4 bxa4 45. bxa4 Be7 1/2-1/2

[Event "Montreal-ch"]
[Site "Montreal CAN"]
[Date "2000.03.24"]
[Round "2"]
[White "Leutschaft, Martin"]
[Black "Bouchard, Jean-Marc"]
[Result "1/2-1/2"]
[WhiteElo "2120"]
[BlackElo "2026"]
[PlyCount "50"]
[GameId "2160767911732893"]
[EventDate "2000.03.23"]
[EventType "tourn"]
[EventRounds "7"]
[EventCountry "CAN"]

1. d4 e6 2. Nf3 d5 3. Bf4 f5 4. e3 Nf6 5. Nbd2 Be7 6. Bd3 O-O 7. h3 c6 8. Ne5 Nbd7 9. Qe2 Nxe5 10. Bxe5 Bd6 11. Nf3 Bxe5 12. Nxe5 Nd7 13. f4 Nxe5 14. fxe5 Bd7 15. O-O-O c5 16. c3 Qa5 17. Kb1 a6 18. g4 Bb5 19. Rhf1 Bxd3+ 20. Qxd3 fxg4 21. hxg4 Rxf1 22. Rxf1 Rf8 23. Rxf8+ Kxf8 24. Qxh7 Qb5 25. Qh3 Qe2 1/2-1/2

[Event "Montreal-ch"]
[Site "Montreal CAN"]
[Date "2000.03.31"]
[Round "2"]
[White "Gulko, Andrei"]
[Black "Moskvitch, Andrei"]
[Result "0-1"]
[WhiteElo "1926"]
[BlackElo "2138"]
[PlyCount "100"]
[GameId "2160767911732894"]
[EventDate "2000.03.23"]
[EventType "tourn"]
[EventRounds "7"]
[EventCountry "CAN"]

1. d4 d5 2. Nf3 e6 3. Bg5 Be7 4. Bxe7 Qxe7 5. Nbd2 Nf6 6. e3 O-O 7. c4 Nbd7 8. cxd5 exd5 9. Be2 b6 10. Qa4 c5 11. dxc5 bxc5 12. O-O Bb7 13. Qa3 Rfe8 14. Rfe1 Qd6 15. Rac1 Qb6 16. Rc3 a5 17. Qb3 Qa7 18. Bb5 d4 19. exd4 Rxe1+ 20. Nxe1 cxd4 21. Rc7 Qb6 22. Rxd7 Nxd7 23. Bxd7 Qc7 24. Bg4 Re8 25. Qd1 Qe7 26. Nef3 d3 27. g3 Qb4 28. Bh3 Qxb2 29. a4 Qc2 30. Qf1 Bxf3 31. Nxf3 d2 32. Nxd2 Qxd2 33. Qb5 Qe1+ 34. Bf1 g6 35. h4 h5 36. Kg2 Qe5 37. Qc4 Qe4+ 38. Qxe4 Rxe4 39. Bb5 Kf8 40. f3 Rb4 41. Bc6 Rb1 42. Bd5 Ke7 43. g4 f5 44. gxf5 gxf5 45. Kf2 Rb4 46. Bc6 Rxh4 47. Kg2 Rc4 48. Bb5 Rb4 49. Bc6 Kd6 50. Be8 h4 0-1

[Event "Montreal-ch"]
[Site "Montreal CAN"]
[Date "2000.03.25"]
[Round "3"]
[White "Leutschaft, Martin"]
[Black "Gulko, Andrei"]
[Result "1/2-1/2"]
[WhiteElo "2120"]
[BlackElo "1964"]
[PlyCount "134"]
[GameId "2160767911732896"]
[EventDate "2000.03.23"]
[EventType "tourn"]
[EventRounds "7"]
[EventCountry "CAN"]

1. e4 e5 2. Nc3 Nf6 3. Bc4 Nxe4 4. Qh5 Nd6 5. Qxe5+ Qe7 6. Qxe7+ Bxe7 7. Bb3 Nc6 8. Nf3 Nf5 9. Nd5 Bd8 10. O-O Nfd4 11. Re1+ Kf8 12. Nxd4 Nxd4 13. d3 c6 14. Bf4 Ne6 15. Bd6+ Kg8 16. Nc3 h5 17. Ne4 b6 18. c3 a5 19. d4 a4 20. Bc2 f5 21. Nd2 g6 22. Nc4 Rh7 23. Bd1 b5 24. Ne5 Rg7 25. g3 Bf6 26. Bf3 Ng5 27. Bg2 Bxe5 28. Bxe5 Re7 29. Bd6 Rxe1+ 30. Rxe1 Ne6 31. d5 cxd5 32. Bxd5 Ra6 33. Bb4 Kf7 34. f4 Kf6 35. Kf2 Ra7 36. Bd6 Bb7 37. Be5+ Ke7 38. Bd4 Bxd5 39. Bxa7 Bxa2 40. Bc5+ Kd8 41. Bd6 Bd5 42. h3 Kc8 43. Rg1 Kb7 44. Ke3 Kc6 45. Be7 Bb3 46. g4 hxg4 47. hxg4 fxg4 48. Rxg4 Bc2 49. Rg2 Bf5 50. Rd2 Nc7 51. Kd4 Nd5 52. Bg5 Nb6 53. Rh2 Nc4 54. Be7 Bb1 55. Ba3 Bf5 56. Rh8 d6 57. Rf8 Bb1 58. Rf6 Kd7 59. Rf7+ Kc6 60. Re7 Bf5 61. Re8 Bb1 62. Re6 Kd7 63. Re2 Kc6 64. Re6 Kd7 65. Re1 Bf5 66. Re2 Kc6 67. Re1 Kd7 1/2-1/2

[Event "Montreal-ch"]
[Site "Montreal CAN"]
[Date "2000.03.25"]
[Round "3"]
[White "Pnevmonidis, Pantelis"]
[Black "Moskvitch, Andrei"]
[Result "1/2-1/2"]
[WhiteElo "2114"]
[BlackElo "2138"]
[PlyCount "97"]
[GameId "2160767911732897"]
[EventDate "2000.03.23"]
[EventType "tourn"]
[EventRounds "7"]
[EventCountry "CAN"]

1. e4 c5 2. Nf3 d6 3. d4 cxd4 4. Qxd4 Nc6 5. Bb5 Bd7 6. Bxc6 bxc6 7. e5 Qb6 8. Qd3 dxe5 9. Nxe5 Qa5+ 10. Qc3 Qxc3+ 11. Nxc3 Nf6 12. Be3 Ng4 13. Nxg4 Bxg4 14. f3 Bf5 15. O-O-O e5 16. Rhe1 f6 17. Ne4 Kf7 18. Nd6+ Bxd6 19. Rxd6 Rhc8 20. Bc5 g5 21. h4 g4 22. fxg4 Bxg4 23. Rf1 Be6 24. g4 a5 25. g5 f5 26. Re1 e4 27. h5 a4 28. Rg1 Ra5 29. g6+ hxg6 30. Rxg6 Rxc5 31. Rdxe6 Rd5 32. c4 Rd4 33. Rgf6+ Kg8 34. b3 axb3 35. axb3 Rd3 36. Rxf5 Rxb3 37. Rxe4 Rh3 38. Rfe5 Ra8 39. Re8+ Rxe8 40. Rxe8+ Kf7 41. Re4 Rxh5 42. Kc2 Rh3 43. Re5 Rg3 44. Rc5 Rg6 45. Kc3 Ke7 46. Kb4 Kd6 47. Rh5 Rg4 48. Rh6+ Kc7 49. Rf6 1/2-1/2

[Event "Montreal-ch"]
[Site "Montreal CAN"]
[Date "2000.03.25"]
[Round "3"]
[White "Soudre, Nicolas"]
[Black "Gagnon, Michel"]
[Result "1/2-1/2"]
[WhiteElo "2159"]
[BlackElo "2199"]
[PlyCount "119"]
[GameId "2160767911732898"]
[EventDate "2000.03.23"]
[EventType "tourn"]
[EventRounds "7"]
[EventCountry "CAN"]

1. e4 c5 2. Nc3 d6 3. f4 Nc6 4. Nf3 g6 5. Bb5 Bd7 6. O-O Bg7 7. d3 Nd4 8. Bxd7+ Qxd7 9. Nxd4 cxd4 10. Ne2 f5 11. Ng3 e6 12. Bd2 Ne7 13. c3 Qb5 14. Qc2 Kf7 15. c4 Rac8 16. Qb3 Qxb3 17. axb3 a6 18. Rae1 h5 19. Nh1 Rhd8 20. Nf2 Bh6 21. g3 Rd7 22. h3 b5 23. Bb4 Nc6 24. Bd2 Rb7 25. Rc1 bxc4 26. Rxc4 d5 27. Rc2 Ne7 28. Rxc8 Nxc8 29. Rc1 Ne7 30. b4 e5 31. Rc5 Rb5 32. Rc7 h4 33. Kg2 hxg3 34. Kxg3 exf4+ 35. Bxf4 Bxf4+ 36. Kxf4 dxe4 37. dxe4 g5+ 38. Kxg5 fxe4+ 39. Kf4 e3 40. Nd3 Ke6 41. Ke4 e2 42. Kf3 Re5 43. Kf2 Re3 44. Nf4+ Kd6 45. Rc1 Nc6 46. Nxe2 Nxb4 47. Nxd4 Rxh3 48. Rc3 Rh2+ 49. Kf3 Rxb2 50. Rb3 Rxb3+ 51. Nxb3 Kc6 52. Ke3 Nc2+ 53. Ke4 Kb6 54. Nd2 Kb5 55. Kd3 Nb4+ 56. Kd4 a5 57. Nc4 a4 58. Na3+ Ka5 59. Kc3 Nc6 60. Kc2 1/2-1/2

[Event "Montreal-ch"]
[Site "Montreal CAN"]
[Date "2000.03.26"]
[Round "4"]
[White "Gagnon, Michel"]
[Black "Bouchard, Jean-Marc"]
[Result "1-0"]
[WhiteElo "2199"]
[BlackElo "2026"]
[PlyCount "61"]
[GameId "2160767911732899"]
[EventDate "2000.03.23"]
[EventType "tourn"]
[EventRounds "7"]
[EventCountry "CAN"]

1. d4 d5 2. Nf3 e6 3. e3 f5 4. Bd3 Nf6 5. O-O c6 6. Ne5 Nbd7 7. f4 Be7 8. Nd2 O-O 9. Ndf3 Nxe5 10. Nxe5 Bd7 11. Nxd7 Qxd7 12. Bd2 Ne4 13. Be1 a6 14. c3 c5 15. g4 c4 16. Bxe4 fxe4 17. g5 a5 18. Qg4 b5 19. a3 Rf5 20. h4 Raf8 21. Bg3 b4 22. axb4 axb4 23. Ra6 bxc3 24. bxc3 Rb8 25. Rfa1 Rb3 26. Ra7 Rb7 27. Ra8+ Rf8 28. R1a6 Rxa8 29. Rxa8+ Kf7 30. Qh5+ g6 31. Qxh7# 1-0

[Event "Montreal-ch"]
[Site "Montreal CAN"]
[Date "2000.03.26"]
[Round "4"]
[White "Gulko, Andrei"]
[Black "Pnevmonidis, Pantelis"]
[Result "1/2-1/2"]
[WhiteElo "1926"]
[BlackElo "2114"]
[PlyCount "150"]
[GameId "2160767911732900"]
[EventDate "2000.03.23"]
[EventType "tourn"]
[EventRounds "7"]
[EventCountry "CAN"]

1. d4 e6 2. c4 Nf6 3. Nc3 Bb4 4. f3 d5 5. e3 O-O 6. a3 Bxc3+ 7. bxc3 c5 8. cxd5 exd5 9. Bd3 Nc6 10. Ne2 Re8 11. O-O Qd6 12. Ng3 Bd7 13. Rb1 Na5 14. Qd2 b6 15. Bb2 cxd4 16. cxd4 Rac8 17. e4 dxe4 18. fxe4 Nc4 19. Qf2 Nxb2 20. Qxb2 Ng4 21. Rf3 Rc7 22. Rbf1 Rf8 23. h3 Nh6 24. e5 Qe6 25. Ne4 Bc6 26. Nf6+ Kh8 27. Nxh7 Rd8 28. Ng5 Qd5 29. Be4 Qxd4+ 30. Qxd4 Rxd4 31. Bxc6 Rxc6 32. Nxf7+ Nxf7 33. Rxf7 a5 34. R1f5 Rg6 35. Re7 Rd1+ 36. Rf1 Rd3 37. Re8+ Kh7 38. a4 Rgg3 39. e6 Rd2 40. Rf2 Rd1+ 41. Kh2 Re3 42. Rf7 Rd5 43. Rf3 Rde5 44. Rxe3 Rxe3 45. e7 g6 46. Kg1 Kg7 47. Kf2 Re5 48. Kf3 Kf7 49. Rb8 Rxe7 50. Rxb6 Rc7 51. Rb5 Rc3+ 52. Kf2 Rc2+ 53. Kg3 Rc3+ 54. Kh2 Ra3 55. Rxa5 Kg7 56. h4 Kf6 57. g3 Kg7 58. Kh3 Kh6 59. Kg4 Rc3 60. Ra8 Rc4+ 61. Kf3 Rc3+ 62. Kf4 Rc4+ 63. Ke5 Rg4 64. Kd5 Rxg3 65. Rc8 Rd3+ 66. Ke5 Re3+ 67. Kd4 Rh3 68. Ke5 Re3+ 69. Kf4 Rh3 70. Kg4 Rd3 71. Rc4 Rd5 72. Kf4 g5+ 73. hxg5+ Rxg5 74. Rc6+ Kh5 75. Rb6 Rg4+ 1/2-1/2

[Event "Montreal-ch"]
[Site "Montreal CAN"]
[Date "2000.03.26"]
[Round "4"]
[White "Moskvitch, Andrei"]
[Black "Soudre, Nicolas"]
[Result "1-0"]
[WhiteElo "2138"]
[BlackElo "2159"]
[PlyCount "101"]
[GameId "2160767911732902"]
[EventDate "2000.03.23"]
[EventType "tourn"]
[EventRounds "7"]
[EventCountry "CAN"]

1. Nf3 e6 2. g3 Nf6 3. Bg2 d5 4. O-O Be7 5. d4 O-O 6. c4 c6 7. Nbd2 Ne4 8. Qc2 f5 9. Ne5 Nd7 10. Ndf3 Bf6 11. h4 Nxe5 12. dxe5 Be7 13. Nd2 Bd7 14. Nxe4 fxe4 15. Be3 b6 16. f3 exf3 17. exf3 Rc8 18. f4 Kh8 19. h5 Be8 20. g4 d4 21. Rad1 Bc5 22. b4 Bxb4 23. Bxd4 Qe7 24. Be4 Rd8 25. Kg2 Rf7 26. Kg3 h6 27. Qg2 Qc7 28. Bb1 Kg8 29. Qe4 Kf8 30. f5 Bd7 31. Kh3 Bc8 32. fxe6 Bxe6 33. Rxf7+ Qxf7 34. Bc5+ Bxc5 35. Rxd8+ Ke7 36. Rd1 Qf2 37. Re1 Kd7 38. Qe2 Qf4 39. Rf1 Qg5 40. Be4 Qxh5+ 41. Kg2 Qg5 42. Qd3+ Kc7 43. Bf5 Bxf5 44. Qxf5 Qd2+ 45. Kh3 Qe3+ 46. Rf3 Qg1 47. Qf7+ Kb8 48. Qxg7 Qh1+ 49. Kg3 Bb4 50. Qg8+ Kb7 51. Rf7+ 1-0

[Event "Montreal-ch"]
[Site "Montreal CAN"]
[Date "2000.03.31"]
[Round "5"]
[White "Bouchard, Jean-Marc"]
[Black "Moskvitch, Andrei"]
[Result "0-1"]
[WhiteElo "2026"]
[BlackElo "2138"]
[PlyCount "118"]
[GameId "2160767911732903"]
[EventDate "2000.03.23"]
[EventType "tourn"]
[EventRounds "7"]
[EventCountry "CAN"]

1. b3 e5 2. Bb2 d6 3. e3 Nf6 4. Ne2 g6 5. c4 Bg7 6. Nbc3 O-O 7. d4 exd4 8. Qxd4 Nc6 9. Qd2 Bf5 10. Ng3 Be6 11. Be2 d5 12. cxd5 Nxd5 13. Nxd5 Qxd5 14. Qxd5 Bxd5 15. Bxg7 Kxg7 16. O-O a5 17. e4 Be6 18. f4 f6 19. Rad1 Rfd8 20. f5 Bf7 21. Rc1 Rd2 22. Bf3 Ne5 23. Rxc7 Rxa2 24. h4 Rb2 25. Rxb7 Rxb3 26. Rb1 Rxb7 27. Rxb7 a4 28. Bd1 a3 29. Bb3 a2 30. Bxa2 Rxa2 31. fxg6 Kxg6 32. Nf5 Rd2 33. g4 Rd7 34. Ne7+ Kh6 35. Nf5+ Kg6 36. Ne7+ Kg7 37. Nf5+ Kf8 38. Rb8+ Be8 39. g5 fxg5 40. hxg5 Nf3+ 41. Kf2 Nxg5 42. Ke3 Ne6 43. e5 Rd8 44. Rb6 Bd7 45. Nd6 Nc7 46. Rb2 Be6 47. Kf4 Nd5+ 48. Kg5 Kg8 49. Kh6 Ne3 50. Rb7 Ng4+ 51. Kg5 Nxe5 52. Kf6 Nf7 53. Ne4 Bd5 54. Re7 Bxe4 55. Rxe4 Rd6+ 56. Kf5 Rg6 57. Re8+ Kg7 58. Re7 h5 59. Re3 Rf6+ 0-1

[Event "Montreal-ch"]
[Site "Montreal CAN"]
[Date "2000.03.31"]
[Round "5"]
[White "Leutschaft, Martin"]
[Black "Gagnon, Michel"]
[Result "0-1"]
[WhiteElo "2120"]
[BlackElo "2199"]
[PlyCount "180"]
[GameId "2160767911732905"]
[EventDate "2000.03.23"]
[EventType "tourn"]
[EventRounds "7"]
[EventCountry "CAN"]

1. d4 d5 2. Nc3 Nf6 3. Bg5 Nbd7 4. e3 g6 5. Bd3 c6 6. Nf3 Bg7 7. O-O O-O 8. Re1 Re8 9. e4 dxe4 10. Nxe4 Qb6 11. Rb1 Nxe4 12. Rxe4 Nf6 13. Re1 Bg4 14. c3 Qa5 15. Re5 Qxa2 16. h3 Be6 17. Qe1 Qb3 18. Nd2 Qb6 19. b4 Nd5 20. Nc4 Qc7 21. Rxe6 fxe6 22. Qxe6+ Kh8 23. Qg4 Qc8 24. Qh4 Qe6 25. Bd2 b5 26. Ne5 Bxe5 27. dxe5 Rad8 28. Qe4 Nb6 29. Be3 Qd5 30. Bd4 Qxe4 31. Bxe4 Nd5 32. Ra1 Ra8 33. Ra6 Rec8 34. g3 e6 35. Kf1 Kg8 36. h4 Kf7 37. Ke2 Ke7 38. f4 Kd7 39. Kd2 Kc7 40. Bf3 Kb7 41. Ra1 a6 42. Be4 Rd8 43. Kc2 Rg8 44. Bf3 Rad8 45. Bc5 h6 46. Bg4 Rde8 47. Rh1 Rg7 48. Bf3 h5 49. Be4 Ne7 50. Rd1 Nf5 51. Bf2 Kc7 52. Ra1 Ra8 53. Bf3 Rd7 54. Rd1 Rxd1 55. Bxd1 a5 56. bxa5 Rxa5 57. Kb2 Ra8 58. Bb3 Kd7 59. Bc2 Rc8 60. Bd3 Ke7 61. Bc5+ Kf7 62. Bf2 Rd8 63. Kc2 Ne7 64. Be4 Nd5 65. Bc5 Ra8 66. Kb2 Ra4 67. Bd3 Ra6 68. Bd4 Nb6 69. Be2 Nc4+ 70. Kc2 Ra2+ 71. Kd1 Na5 72. Bf3 Nb3 73. Bb6 Rd2+ 74. Ke1 Rc2 75. Bxc6 Rxc3 76. Bxb5 Rxg3 77. Bd8 Nd4 78. Ba6 Rf3 79. Bg5 Ra3 80. Bb7 Nf3+ 81. Bxf3 Rxf3 82. Ke2 Rh3 83. Bd8 Ke8 84. Bg5 Kd7 85. Kf2 Kc6 86. Kg2 Rb3 87. Kf2 Kd5 88. Kg2 Ke4 89. Kf2 Rf3+ 90. Kg2 Rxf4 0-1

[Event "Montreal-ch"]
[Site "Montreal CAN"]
[Date "2000.03.31"]
[Round "5"]
[White "Soudre, Nicolas"]
[Black "Pnevmonidis, Pantelis"]
[Result "0-1"]
[WhiteElo "2159"]
[BlackElo "2114"]
[PlyCount "76"]
[GameId "2160767911732906"]
[EventDate "2000.03.23"]
[EventType "tourn"]
[EventRounds "7"]
[EventCountry "CAN"]

1. e4 c6 2. d4 d5 3. Nd2 dxe4 4. Nxe4 Nd7 5. Nf3 Ngf6 6. Nxf6+ Nxf6 7. Ne5 Bf5 8. Bc4 e6 9. c3 Be7 10. O-O O-O 11. Qe2 c5 12. g4 Bg6 13. h4 cxd4 14. h5 d3 15. Qe3 Nxg4 16. Nxg4 Bxh5 17. Ne5 Bd6 18. Qe4 Bxe5 19. Qxe5 Be2 20. Be3 Bxf1 21. Bd4 Qf6 22. Qg3 Qh6 23. Rxf1 Rad8 24. Bxd3 Rd5 25. f4 Rfd8 26. Be4 R5d7 27. Kg2 Rxd4 28. cxd4 Rxd4 29. Qe3 e5 30. Bc2 Qc6+ 31. Kg1 Qxc2 32. Rc1 Rd1+ 33. Rxd1 Qxd1+ 34. Kf2 Qc2+ 35. Kf3 e4+ 36. Kg4 Qg2+ 37. Kf5 Qg6+ 38. Ke5 Qe6+ 0-1

[Event "Montreal-ch"]
[Site "Montreal CAN"]
[Date "2000.03.31"]
[Round "6"]
[White "Moskvitch, Andrei"]
[Black "Leutschaft, Martin"]
[Result "0-1"]
[WhiteElo "2138"]
[BlackElo "2120"]
[PlyCount "132"]
[GameId "2160767911732909"]
[EventDate "2000.03.23"]
[EventType "tourn"]
[EventRounds "7"]
[EventCountry "CAN"]

1. e4 g6 2. d4 Bg7 3. Nf3 d6 4. h3 Nc6 5. Nc3 Bd7 6. Be3 a6 7. Qd2 e6 8. O-O-O b5 9. d5 Na5 10. e5 dxe5 11. Bg5 f6 12. Ne4 Nb7 13. Be3 Ne7 14. d6 Nd5 15. c4 Nxe3 16. Qxe3 cxd6 17. Nxd6+ Nxd6 18. Rxd6 Qc7 19. Qb6 Qxb6 20. Rxb6 O-O 21. cxb5 axb5 22. Bxb5 Bxb5 23. Rxb5 Rxa2 24. Kb1 Rfa8 25. Re1 Ra1+ 26. Kc2 Rxe1 27. Nxe1 Ra7 28. Nd3 Kf7 29. f3 Ke7 30. Rb6 Rc7+ 31. Kd1 Kd7 32. b4 Bf8 33. g4 Bd6 34. Kd2 Ra7 35. b5 f5 36. Ke3 g5 37. Rc6 Rb7 38. Nc5+ Bxc5+ 39. Rxc5 Kd6 40. Rc6+ Kd5 41. Rc8 Rxb5 42. Ra8 Kc6 43. Rg8 h6 44. gxf5 exf5 45. Rf8 Rb3+ 46. Kf2 f4 47. Rf6+ Kc5 48. Rxh6 Rb2+ 49. Kg1 Rb6 50. Rh8 Kd4 51. Re8 Rb5 52. Kf2 Rb2+ 53. Kg1 Re2 54. Ra8 Re3 55. Kf2 e4 56. fxe4 Rxh3 57. Rg8 Rg3 58. Re8 g4 59. e5 Ra3 60. e6 Ra2+ 61. Kf1 Ke3 62. Rb8 f3 63. Rb3+ Kf4 64. Rb1 Ra8 65. e7 Re8 66. Re1 g3 0-1